000 02461cam a2200505 a 4500
001 59232
005 20230410143407.0
008 051207s2006 meub b 001 0 eng
035 _a(OCoLC)ocm62499618
040 _aSO$
_cSO$
_dBAKER
_dVP@
_dTEF
_dUAT
_dUMC
_dOCLCQ
_dYDXCP
_dBTCTA
_dIAK
_dNOR
019 _a144559374
020 _a1567513441 (pbk.)
020 _a9781567513448 (pbk.)
020 _a156751345X (hbk.)
020 _a9781567513455 (hbk.)
029 1 _aYDXCP
_b2170328
029 1 _aYDXCP
_b2170326
029 1 _aNZ1
_b10898250
035 _a(OCoLC)62499618
_z(OCoLC)144559374
042 _apcc
043 _anwht---
_an-us---
050 1 4 _aF1928.2
_b.F237 2006
082 0 4 _a972.94073 farmer
049 _aGRAL
100 1 _aFarmer, Paul,
_d1959-
245 1 4 _aThe uses of Haiti /
_cPaul Farmer ; [with a new epilogue by the author ; introduction by Noam Chomsky ; new foreword by Jonathan Kozol].
250 _a3rd ed.
260 _aMonroe, Me. :
_bCommon Courage Press,
_c2006.
300 _a479 p. :
_b1 map ;
_c20 cm.
500 _a"An Institute for Health and Social Justice book"--P. [4] of cover.
504 _aIncludes bibliographical references (p. [449]-464) and index.
505 0 0 _tForeword /
_rJonathan Kozol --
_tIntroduction /
_rNoam Chomsky --
_tWhat's at stake in Haiti --
_gpt. 1. The
_tuses of Haiti --
_gThe
_ttemplate of a colony --
_tFrom Duvalierism to Duvalierism without Duvalier --
_gThe
_tpower of the poor in Haiti --
_gThe
_tcoup of 1991: the power of the rich in Haiti --
_gThe
_tuses of Haiti (reprise) --
_gpt. 2. A
_tuser's guide to Haiti --
_tOn Guantánamo --
_tChouchou Louis and the political economy of brutality --
_tAcâephie --
_tNew myths for old --
_tEpilogue : The oppressor as savior --
_tDiagnosis --
_tWhat happened in Haiti? Where past is present --
_tAfterword /
_rLarry Birns
_g&
_rJessica Leight --
_tEndnotes --
_tBibliography --
_tIndex.
651 0 _aHaiti
_xPolitics and government
_y1986-
651 0 _aHaiti
_xSocial conditions
_y1971-
650 0 _aPoor
_zHaiti.
651 0 _aHaiti
_xRelations
_zUnited States.
651 0 _aUnited States
_xRelations
_zHaiti.
938 _aBaker & Taylor
_bBKTY
_c39.95
_d39.95
_i156751345X
_n0006207374
_sactive
938 _aBaker and Taylor
_bBTCP
_nBK0006207368
938 _aYBP Library Services
_bYANK
_n2170328
938 _aBaker & Taylor
_bBKTY
_c24.95
_d18.71
_i1567513441
_n0006207368
_sactive
942 _2lcc
_cbk
946 _aclperez
994 _aC0
_bDRFGD
999 _c100863
_d100863